[Event "Titled Tue 17th Jun Early"]
[Site "chess.com INT"]
[Date "2025.06.17"]
[Round "10"]
[White "Shimanov, Aleksandr"]
[Black "Aakash, G"]
[Result "0-1"]
[WhiteTitle "GM"]
[BlackTitle "FM"]
[WhiteElo "2578"]
[BlackElo "2123"]
[WhiteFideId "4198603"]
[BlackFideId "25644394"]
[EventDate "2025.06.17"]

1. d4 d5 2. c4 c6 3. c5 e5 4. e3 e4 5. Nc3 a5 6. Bd2 b6 7. cxb6 Qxb6 8. Na4 Qc7
9. Rc1 Nf6 10. Ne2 Bd6 11. Rc2 O-O 12. Nc1 Ba6 13. Nb3 Bb4 14. Bxa6 Nxa6 15. O-O
Bxd2 16. Rxd2 Nb4 17. Nbc5 Nxa2 18. f3 exf3 19. Qxf3 Rfe8 20. Rdf2 Re7 21. Qh3
Rae8 22. Rf3 Nb4 23. Nc3 Nc2 24. Nd1 Ne4 25. Nxe4 dxe4 26. Rf5 g6 27. Rc5 Nb4
28. Nc3 Qb7 29. Rxa5 Nc2 30. d5 Qxb2 31. Rc5 Nb4 32. dxc6 Na6 33. Ra5 Qb6 34.
Ra3 Qxc6 35. Ne2 Nb4 36. Nd4 Qc5 37. Rb3 Nd3 38. Qg3 Rd7 39. h3 Qd5 40. Kh2 Qc4
41. Rfb1 Rdd8 42. Rb7 Nc5 0-1

[Event "Titled Tue 17th Jun Early"]
[Site "chess.com INT"]
[Date "2025.06.17"]
[Round "10"]
[White "Gales, Randi-Ioan"]
[Black "Shandrygin, Nikita"]
[Result "0-1"]
[WhiteTitle "CM"]
[BlackTitle "FM"]
[WhiteElo "2243"]
[BlackElo "2209"]
[WhiteFideId "1285360"]
[BlackFideId "24198668"]
[EventDate "2025.06.17"]

1. d4 d5 2. c4 Nc6 3. Nf3 Bg4 4. cxd5 Bxf3 5. gxf3 Qxd5 6. e3 e5 7. Nc3 Bb4 8.
Bd2 Bxc3 9. bxc3 Nf6 10. Rb1 O-O 11. c4 Qd7 12. d5 Nd8 13. Bd3 b6 14. Qc2 Nb7
15. Bc3 Rfe8 16. f4 exf4 17. Rg1 Qd6 18. e4 Nc5 19. f3 g6 20. e5 Rxe5+ 21. Bxe5
Qxe5+ 22. Kf1 Qe3 23. Be2 Re8 24. Rg2 Nh5 25. Rc1 Ng7 26. Qc3 Nf5 27. Rf2 Qe7
28. Re1 Qh4 29. Kg1 Re3 30. Qd2 Qf6 31. Bf1 Qe5 32. Rfe2 Qf6 33. Rxe3 fxe3 34.
Qg2 Qd4 35. Re2 Qxc4 36. Kh1 Qxd5 37. Re1 a5 38. f4 Qd4 39. Qe2 Qxf4 40. Bg2 Kg7
41. Rf1 Qe5 42. Re1 Qc3 43. Rf1 Nd4 44. Qg4 e2 45. Re1 Qxe1+ 0-1

[Event "Titled Tue 17th Jun Early"]
[Site "chess.com INT"]
[Date "2025.06.17"]
[Round "10"]
[White "Radchenko, Alexey"]
[Black "Mateus, Martha"]
[Result "1-0"]
[WhiteTitle "FM"]
[BlackTitle "WIM"]
[WhiteElo "2290"]
[BlackElo "1972"]
[WhiteFideId "4192362"]
[BlackFideId "4401549"]
[EventDate "2025.06.17"]

1. d4 Nf6 2. Nf3 e6 3. Nbd2 d5 4. e3 Be7 5. Bd3 O-O 6. O-O b6 7. e4 dxe4 8. Nxe4
Bb7 9. Re1 Nbd7 10. c3 c5 11. Bf4 Nd5 12. Bd6 N7f6 13. dxc5 bxc5 14. Bxc5 Nxe4
15. Bxe7 Nexc3 16. Bxd8 Nxd1 17. Raxd1 Rfxd8 18. Be4 Rac8 19. Rc1 Rxc1 20. Rxc1
Rc8 21. Rxc8+ Bxc8 22. Bxd5 exd5 23. Nd4 Kf8 24. Kf1 Bd7 25. Ke2 Ke7 26. Kd3 Kd6
27. b4 a6 28. a3 Ke5 29. g3 Kd6 30. f4 h5 31. Nb3 Bb5+ 32. Kd4 Bf1 33. Nc5 f6
34. h4 Bc4 35. Nb7+ Kc7 36. Nc5 Kd6 37. f5 Ba2 38. Nxa6 Bb1 39. b5 Bxf5 40. Nc5
Bg4 41. b6 Kc6 42. b7 Kc7 43. a4 Bf3 44. a5 Kb8 45. a6 1-0

[Event "Titled Tue 17th Jun Early"]
[Site "chess.com INT"]
[Date "2025.06.17"]
[Round "10"]
[White "Estrada Nieto, Julian"]
[Black "Goodrich, Elliott"]
[Result "1-0"]
[WhiteTitle "IM"]
[WhiteElo "2181"]
[BlackElo "2019"]
[WhiteFideId "5101018"]
[BlackFideId "39902064"]
[EventDate "2025.06.17"]

1. e4 d5 2. exd5 Qxd5 3. Nc3 Qa5 4. d4 Nf6 5. Nf3 Nc6 6. Bb5 Bg4 7. h3 Bh5 8. g4
Bg6 9. Ne5 Qb6 10. Qf3 O-O-O 11. Bxc6 bxc6 12. O-O h5 13. Be3 hxg4 14. hxg4 Nd5
15. Nxg6 fxg6 16. Ne4 e6 17. c4 Nf6 18. Nxf6 gxf6 19. Qxf6 Bb4 20. Qxe6+ Kb8 21.
a3 Bd6 22. c5 Bh2+ 23. Kg2 Qa6 24. Rh1 Rde8 25. Qb3+ Kc8 26. Rxh2 Qe2 27. Qd1
Rxh2+ 28. Kxh2 Rxe3 29. Qxe2 Rxe2 30. Kg3 Rxb2 31. Re1 Rb3+ 32. f3 Rxa3 33. Re6
Rd3 34. Rxc6 Rxd4 35. Rxg6 Kb7 36. c6+ Kb6 37. g5 a5 38. Rg8 Ka7 39. g6 Rd6 40.
f4 a4 41. f5 a3 42. Rc8 a2 43. Rxc7+ Kb6 44. Rb7+ Ka6 45. Rb8 Ka7 46. Rb7+ Ka8
47. g7 Rd8 48. c7 Rc8 49. Rb8+ Rxb8 50. cxb8=Q+ Kxb8 51. g8=Q+ 1-0

[Event "Titled Tue 17th Jun Early"]
[Site "chess.com INT"]
[Date "2025.06.17"]
[Round "10"]
[White "Papaioannou, Dimitrios"]
[Black "Bluebaum, Matthias"]
[Result "0-1"]
[WhiteTitle "CM"]
[BlackTitle "GM"]
[WhiteElo "2206"]
[BlackElo "2663"]
[WhiteFideId "25865137"]
[BlackFideId "24651516"]
[EventDate "2025.06.17"]

1. Nf3 d5 2. d4 e6 3. c4 Nf6 4. g3 Bd6 5. Bg2 O-O 6. Nc3 Nc6 7. b3 dxc4 8. bxc4
e5 9. c5 exd4 10. cxd6 dxc3 11. Ba3 cxd6 12. O-O Qa5 13. Qxd6 Rd8 14. Qc5 Qxc5
15. Bxc5 Ne4 16. Be3 Be6 17. Rfc1 Rac8 18. Ng5 Nxg5 19. Bxg5 f6 20. Be3 Nd4 21.
Bxd4 Rxd4 22. Bxb7 Rc7 23. Ba6 Bf5 24. Rd1 Rd2 25. Bd3 Bxd3 26. exd3 Kf7 27. Kf1
Rxd1+ 28. Rxd1 Ke6 29. Ke2 Kd5 30. Rb1 a5 31. Rb5+ Rc5 32. Rxc5+ Kxc5 33. Kd1
Kd4 34. Kc2 f5 35. f4 a4 36. a3 g6 37. h3 h6 38. g4 Ke3 39. gxf5 gxf5 40. Kxc3
Kxf4 41. d4 Ke4 42. d5 Kxd5 43. Kd3 Ke5 44. Ke3 f4+ 45. Kf3 Kf5 46. h4 h5 0-1

[Event "Titled Tue 17th Jun Early"]
[Site "chess.com INT"]
[Date "2025.06.17"]
[Round "10"]
[White "Marynychenko, Yehor"]
[Black "Chylewski, Patryk"]
[Result "1/2-1/2"]
[WhiteTitle "CM"]
[BlackTitle "IM"]
[WhiteElo "2183"]
[BlackElo "2313"]
[WhiteFideId "34160558"]
[BlackFideId "1186191"]
[EventDate "2025.06.17"]

1. e4 c5 2. c3 d5 3. exd5 Qxd5 4. d4 Nc6 5. Nf3 e5 6. dxe5 Qxd1+ 7. Kxd1 Bg4 8.
Be2 O-O-O+ 9. Kc2 Bxf3 10. Bxf3 Nxe5 11. Be4 Nf6 12. Bf5+ Kc7 13. Bf4 Bd6 14.
Rd1 Rhe8 15. Na3 a6 16. Rxd6 Rxd6 17. Re1 Ng6 18. Rxe8 Nxe8 19. Bxg6 hxg6 20.
Nc4 Kc6 21. Nxd6 Nxd6 22. Kd3 Ne8 23. Be5 f6 24. Bg3 b5 25. h4 Kd5 26. Bf4 f5
27. Bg5 Nd6 28. f3 c4+ 29. Ke3 Nb7 30. Be7 Ke6 31. Bf8 Kf7 32. Ba3 Ke6 33. Kf4
Nd8 34. Kg5 Kf7 35. Kf4 Nc6 36. Bc5 Kf6 37. g4 fxg4 38. fxg4 Kf7 39. Kg5 Ne5 40.
Bd4 Nf3+ 41. Kf4 Nxd4 42. cxd4 Ke6 43. Ke4 Kd6 44. h5 gxh5 45. gxh5 a5 46. d5 b4
47. Kd4 c3 48. bxc3 bxc3 49. Kxc3 Kxd5 50. Kd3 Ke5 51. Kc4 Kf5 52. Kb5 Kg5 53.
Kxa5 Kxh5 54. Kb5 g5 55. a4 g4 56. a5 g3 57. a6 g2 58. a7 g1=Q 59. a8=Q Qb1+ 60.
Ka6 Qa2+ 61. Kb7 Qxa8+ 62. Kxa8 1/2-1/2

[Event "Titled Tue 17th Jun Early"]
[Site "chess.com INT"]
[Date "2025.06.17"]
[Round "10"]
[White "Kosakowski, Jakub"]
[Black "Grandelius, Nils"]
[Result "1/2-1/2"]
[WhiteTitle "GM"]
[BlackTitle "GM"]
[WhiteElo "2548"]
[BlackElo "2643"]
[WhiteFideId "1185080"]
[BlackFideId "1710400"]
[EventDate "2025.06.17"]

1. e4 c5 2. Nf3 d6 3. d4 cxd4 4. Nxd4 Nf6 5. Nc3 h6 6. f3 e5 7. Bb5+ Nbd7 8. Nf5
Qc7 9. Ne3 a6 10. Ned5 Nxd5 11. Nxd5 Qd8 12. Ba4 Be7 13. Be3 O-O 14. Bxd7 Bxd7
15. Bb6 Qe8 16. Nc7 Qc8 17. Nxa8 Qxa8 18. Qd2 Qc8 19. Be3 f5 20. exf5 Bxf5 21.
Rc1 Bh4+ 22. Bf2 Bg5 23. Be3 Bh4+ 24. g3 Be7 25. O-O Qc6 26. c4 Be6 27. Qe2 Bh3
28. Rf2 h5 29. b3 Bd8 30. Rd1 Be7 31. Qd3 Be6 32. Qg6 Bf7 33. Qe4 Qc8 34. c5
dxc5 35. Qxe5 Re8 36. Qf4 Bf6 37. Kg2 Qc6 38. Rd6 Qb5 39. Rxf6 gxf6 40. Qxf6 Re6
41. Qg5+ Rg6 42. Qxc5 Qxc5 43. Bxc5 Rc6 44. Bd4 a5 45. Re2 a4 46. bxa4 Rc4 47.
Bb2 Rxa4 48. a3 Rc4 49. Kf2 Bd5 50. Rd2 Bc6 51. Ke3 Rc5 52. h3 Rb5 53. Kf4 Rb3
54. Rf2 Kh7 55. g4 Kg6 56. Be5 Rxa3 57. gxh5+ Kxh5 58. Kf5 Rxf3+ 59. Rxf3 Bxf3
60. Bc3 b5 61. Ke5 b4 62. Bxb4 Bg4 63. hxg4+ Kxg4 1/2-1/2

[Event "Titled Tue 17th Jun Early"]
[Site "chess.com INT"]
[Date "2025.06.17"]
[Round "10"]
[White "Jake Shanty"]
[Black "Akkara, Omer"]
[Result "1-0"]
[WhiteTitle "FM"]
[BlackTitle "CM"]
[WhiteElo "2252"]
[BlackElo "2036"]
[WhiteFideId "33478066"]
[BlackFideId "26319802"]
[EventDate "2025.06.17"]

1. Nf3 Nf6 2. b3 e6 3. Bb2 b6 4. g3 Bb7 5. Bg2 Be7 6. O-O O-O 7. c4 c5 8. d4
cxd4 9. Nxd4 Bxg2 10. Kxg2 Nc6 11. Nxc6 dxc6 12. Nd2 c5 13. Nf3 Qc7 14. Qc2 Rfd8
15. Rfd1 h6 16. Rxd8+ Rxd8 17. Rd1 Rxd1 18. Qxd1 Qd6 19. Qc2 Qc6 20. h3 Nd7 21.
Qd3 Qd6 22. Qe4 Qc7 23. Qa8+ Kh7 24. Qe8 Bf6 25. Bc1 Ne5 26. Bf4 Qd7 27. Qa8
Nxf3 28. Qxf3 Qc8 29. Qe4+ Kg8 30. h4 Kf8 31. a4 Ke8 32. Kg1 Ke7 33. Be3 Ke8 34.
Kh2 Kd7 35. Qd3+ Ke7 36. Qd2 Qd7 37. Qc2 Qc6 38. Qd3 Qb7 39. a5 Qc6 40. axb6
axb6 41. Qb1 Qa8 42. Qd1 Qd8 43. Qc2 Bd4 44. Bxd4 Qxd4 45. e3 Qd6 46. Qe4 Qc7
47. Qg4 g6 48. h5 g5 49. Qe4 f5 50. Qa8 Kd6 51. Qf8+ Ke5 52. Qxh6 Qe7 53. Kg2
Ke4 54. Qh8 Kd3 55. Qe5 1-0

[Event "Titled Tue 17th Jun Early"]
[Site "chess.com INT"]
[Date "2025.06.17"]
[Round "10"]
[White "Negrean, Andrei"]
[Black "Carroll, Thomas"]
[Result "1-0"]
[WhiteTitle "FM"]
[WhiteElo "2352"]
[BlackElo "2131"]
[WhiteFideId "1291513"]
[BlackFideId "450111"]
[EventDate "2025.06.17"]

1. e4 Nf6 2. Nc3 d5 3. e5 Ne4 4. Nce2 Bf5 5. d4 h6 6. h4 e6 7. f3 Be7 8. fxe4
Bxe4 9. Bf4 Bxh4+ 10. Bg3 Bg5 11. Nh3 c5 12. Nxg5 Qxg5 13. Qd2 Qg6 14. O-O-O
cxd4 15. Bf2 O-O 16. Nxd4 Rc8 17. Bd3 Nc6 18. Nxc6 Rxc6 19. Bxe4 Qxe4 20. Bd4
Rac8 21. c3 Rc4 22. Qd3 Qg4 23. Kb1 b5 24. Rh3 b4 25. Qf3 Qg6+ 26. Qd3 Qxg2 27.
Rg3 Qe4 28. Qxe4 dxe4 29. Re1 bxc3 30. bxc3 a5 31. Rxe4 a4 32. Kc2 Rb8 33. Kd3
Rc6 34. Re2 a3 35. Rh2 Kh7 36. Rhg2 g6 37. Rf2 Kg7 38. Rgf3 Rc7 39. c4 Rb1 40.
c5 h5 41. Kc4 g5 42. Rxa3 g4 43. Rd3 Kg6 44. Rf6+ Kg5 45. Be3+ Kh4 46. Bf2+ Kg5
47. Rd8 Rc1+ 48. Kb5 Rb1+ 49. Ka6 Rc6+ 50. Ka7 Rc7+ 51. Ka8 h4 52. Be3+ Kh5 53.
Rh6# 1-0

[Event "Titled Tue 17th Jun Early"]
[Site "chess.com INT"]
[Date "2025.06.17"]
[Round "10"]
[White "Zong, Davis"]
[Black "Arslanov, Shamil"]
[Result "0-1"]
[WhiteTitle "FM"]
[BlackTitle "IM"]
[WhiteElo "2242"]
[BlackElo "2410"]
[WhiteFideId "30903955"]
[BlackFideId "4192826"]
[EventDate "2025.06.17"]

1. d4 e5 2. c4 d6 3. Nc3 Bg4 4. f3 Bh5 5. e4 exd4 6. Qxd4 Nc6 7. Qd3 Nf6 8. Be3
a6 9. Nh3 Bg6 10. Nf4 Nd7 11. Be2 Be7 12. O-O Bg5 13. Ncd5 Nde5 14. Qd2 Bxf4 15.
Nxf4 f6 16. Nxg6 hxg6 17. f4 Nd7 18. b4 a5 19. b5 Ne7 20. Rad1 b6 21. Bf3 Rb8
22. Rfe1 Qc8 23. Bg4 Rh4 24. Be6 Qd8 25. Bf2 Rh8 26. e5 fxe5 27. Bxd7+ Qxd7 28.
fxe5 Nf5 29. exd6+ Kf8 30. dxc7 Qxc7 31. Bg3 Qc5+ 32. Qf2 Qxf2+ 33. Bxf2 Kf7 34.
Rd7+ Kf6 35. Bd4+ Kg5 36. Be5 Rbc8 37. Rc1 Rhd8 38. Rb7 Rd2 39. Bxg7 Re8 40. Bc3
Rxa2 41. Be1 Ree2 42. h4+ Kg4 43. Kf1 Ne3+ 44. Kg1 Rxg2+ 45. Kh1 Rh2+ 46. Kg1
Rag2# 0-1

[Event "Titled Tue 17th Jun Early"]
[Site "chess.com INT"]
[Date "2025.06.17"]
[Round "10"]
[White "Reprintsev, Alexander"]
[Black "Ivashentseva, Dominika"]
[Result "1-0"]
[WhiteTitle "IM"]
[BlackTitle "WCM"]
[WhiteElo "2256"]
[BlackElo "1969"]
[WhiteFideId "14100541"]
[BlackFideId "34331050"]
[EventDate "2025.06.17"]

1. e4 c5 2. b3 Nf6 3. e5 Nd5 4. Nc3 Nxc3 5. dxc3 d5 6. exd6 exd6 7. Bc4 Nc6 8.
Ne2 Be7 9. O-O Be6 10. Bxe6 fxe6 11. Nf4 Qd7 12. Qg4 e5 13. Ne6 Bf6 14. f4 Nd8
15. f5 Nxe6 16. fxe6 Qe7 17. Qh5+ g6 18. Qf3 Rf8 19. Bh6 Bg7 20. Qh3 Bxh6 21.
Qxh6 O-O-O 22. c4 a6 23. Rae1 Kb8 24. a4 Ka8 25. h3 Rxf1+ 26. Rxf1 Qxe6 27. Qxh7
e4 28. Qf7 Qxf7 29. Rxf7 d5 30. cxd5 Rxd5 31. Re7 Rd1+ 32. Kh2 Re1 33. Re6 g5
34. Re5 Re2 35. Rxc5 e3 36. Rxg5 Rxc2 37. Re5 Rc3 38. b4 Ka7 39. a5 Rb3 40. Kg3
e2+ 41. Kf2 Rxb4 42. Rxe2 Rb5 43. Ra2 Rf5+ 44. Kg3 Rd5 45. h4 b5 46. axb6+ Kxb6
47. Kf4 Rd4+ 48. Kg5 Rd5+ 49. Kg4 Rd4+ 50. Kh3 Rd3+ 51. g3 a5 52. h5 a4 53. Rxa4
Rd5 54. Rh4 Kc6 55. h6 Rd8 56. h7 Rh8 57. Kg4 Kd6 58. Kg5 Ke7 59. Kg6 Ke6 60.
Re4+ Kd5 61. Re1 Ra8 62. Re7 Kd6 63. Rb7 Ke5 64. Kg7 Ra3 65. h8=Q Rxg3+ 66. Kf7+ 1-0

[Event "Titled Tue 17th Jun Early"]
[Site "chess.com INT"]
[Date "2025.06.17"]
[Round "10"]
[White "Hansen, Eric"]
[Black "Esipenko, Andrey"]
[Result "0-1"]
[WhiteTitle "GM"]
[BlackTitle "GM"]
[WhiteElo "2609"]
[BlackElo "2689"]
[WhiteFideId "2606771"]
[BlackFideId "24175439"]
[EventDate "2025.06.17"]

1. e4 e5 2. Nf3 Nc6 3. Bb5 a6 4. Ba4 Nf6 5. O-O b5 6. Bb3 Bc5 7. c3 d6 8. d4 Bb6
9. h3 O-O 10. Be3 Rb8 11. Nbd2 h6 12. Re1 Re8 13. a3 a5 14. Bc2 a4 15. Bd3 Bd7
16. Qc2 Na5 17. Nf1 c5 18. dxe5 dxe5 19. c4 bxc4 20. Bxc4 Nxc4 21. Qxc4 Ba5 22.
Red1 Rxb2 23. Ng3 Qc8 24. Rac1 Bb6 25. Nxe5 Be6 26. Qc3 Rb3 27. Qa1 Bxh3 28. Nc4
Bc7 29. Nd6 Bxd6 30. Rxd6 Rxe3 31. fxe3 Qg4 32. Rxf6 Qxg3 33. Rf2 Be6 34. Rxc5
Qxe3 35. Qc3 Qxe4 36. Re5 Qg6 37. Re3 Rc8 38. Qe5 Rc1+ 39. Kh2 Qb1 40. Rd2 Rh1+
41. Kg3 Qg6+ 42. Kf2 Rh5 43. Qd4 Rg5 44. g3 Qh5 45. Ke1 Qh1+ 46. Ke2 Bg4+ 47.
Kd3 Rd5 48. Re8+ Kh7 49. Ke3 Rxd4 50. Rxd4 Be6 0-1

[Event "Titled Tue 17th Jun Early"]
[Site "chess.com INT"]
[Date "2025.06.17"]
[Round "10"]
[White "Asensio Ramos, Enrique Fernando"]
[Black "Vlassov, Nikolai"]
[Result "1-0"]
[WhiteTitle "CM"]
[BlackTitle "IM"]
[WhiteElo "2200"]
[BlackElo "2291"]
[WhiteFideId "2214172"]
[BlackFideId "4103360"]
[EventDate "2025.06.17"]

1. d4 Nf6 2. Nc3 d5 3. Bf4 e6 4. Nb5 Na6 5. e3 Bd7 6. h4 Bxb5 7. Bxb5+ c6 8. Be2
Nc7 9. Nf3 Bd6 10. Ne5 O-O 11. c3 c5 12. dxc5 Bxc5 13. Bd3 Ne4 14. Bxe4 dxe4 15.
Nd7 e5 16. Bxe5 Re8 17. Qg4 Bf8 18. Nf6+ Kh8 19. Rd1 Rxe5 20. Rxd8 Rxd8 21. Nh5
f5 22. Qg3 Red5 23. O-O Ne6 24. c4 Bd6 25. Qh3 Ra5 26. a3 g6 27. Ng3 Be5 28. Ne2
Bxb2 29. g4 Bxa3 30. gxf5 gxf5 31. Ng3 Rg8 32. Kh1 Ng7 33. Rd1 Re5 34. h5 h6 35.
Rd7 Be7 36. Ne2 Ne6 37. Qh2 Bf6 38. Nf4 Nxf4 39. Qxf4 Bg7 40. Rxg7 Kxg7 41.
Qxe5+ Kf7 42. Qxf5+ Ke7 43. Qxe4+ Kd6 44. Qd5+ Kc7 45. Qxg8 Kb6 46. Qg6+ 1-0

[Event "Titled Tue 17th Jun Early"]
[Site "chess.com INT"]
[Date "2025.06.17"]
[Round "10"]
[White "Filev, Georgi"]
[Black "Gibala, Adam"]
[Result "0-1"]
[WhiteTitle "FM"]
[BlackTitle "CM"]
[WhiteElo "2189"]
[BlackElo "2245"]
[WhiteFideId "2907500"]
[BlackFideId "21070288"]
[EventDate "2025.06.17"]

1. e4 c6 2. d4 d5 3. e5 Bf5 4. Nf3 e6 5. Be2 Nd7 6. O-O h6 7. Nbd2 Ne7 8. Nb3 g5
9. Ne1 Bg7 10. Nd3 a5 11. a4 b6 12. f4 Ng6 13. Bh5 Qe7 14. g4 Bxd3 15. Qxd3 Nxf4
16. Bxf4 gxf4 17. Rxf4 O-O-O 18. Rxf7 Qg5 19. Qa6+ Kb8 20. Nxa5 Qe3+ 21. Kf1
bxa5 22. Ra3 Qc1+ 23. Kg2 Qxc2+ 24. Rf2 Qc4 25. Qxa5 Rhf8 26. Bf7 h5 27. Rff3
Qe2+ 28. Kg3 Bxe5+ 29. dxe5 Qxe5+ 30. Kg2 Qe2+ 31. Rf2 Qxg4+ 32. Rg3 Qe4+ 33.
Kg1 h4 34. Rb3+ Kc8 35. Qa8+ Kc7 36. Qa7+ Kd6 37. Qa5 Rg8+ 38. Kf1 Qh1+ 39. Ke2
Qe4+ 40. Re3 Qc4+ 41. Kd2 Rg1 42. Rc3 Qd4+ 43. Rd3 Qxf2+ 44. Kc3 Rc1+ 45. Kb3
Rb8+ 0-1

[Event "Titled Tue 17th Jun Early"]
[Site "chess.com INT"]
[Date "2025.06.17"]
[Round "10"]
[White "Guo, Felix"]
[Black "Arabidze, Meri"]
[Result "0-1"]
[BlackTitle "IM"]
[WhiteElo "2091"]
[BlackElo "2440"]
[WhiteFideId "30997550"]
[BlackFideId "13604040"]
[EventDate "2025.06.17"]

1. e4 c5 2. Nf3 e6 3. c3 Nf6 4. Bd3 d5 5. e5 Nfd7 6. Bb5 a6 7. Bxd7+ Bxd7 8. d4
Be7 9. O-O O-O 10. Re1 b5 11. Be3 Qc7 12. Nbd2 c4 13. Nf1 b4 14. Qd2 a5 15. h4
Nc6 16. h5 Rfb8 17. g4 a4 18. a3 bxa3 19. bxa3 Rb3 20. Bg5 Bf8 21. Reb1 Na7 22.
Rxb3 cxb3 23. h6 g6 24. Ng3 Nb5 25. Nh5 Nxc3 26. Nf6+ Kh8 27. Rc1 Rb8 28. Rxc3
Qa5 29. Qb2 Be8 30. Nxe8 Rxe8 31. Bf6+ Kg8 32. Bg7 Bxa3 33. Qxa3 Qxc3 34. Ng5
Qxd4 35. Kf1 Qd1+ 36. Kg2 Qxg4+ 37. Kf1 Qxg5 38. Qb2 Qf5 39. Bf6 Qd3+ 40. Kg1
Qd1+ 41. Kg2 Qg4+ 42. Kf1 Qc4+ 43. Kg2 Qc2 44. Qd4 b2 0-1

[Event "Titled Tue 17th Jun Early"]
[Site "chess.com INT"]
[Date "2025.06.17"]
[Round "10"]
[White "Shokirjonova, Barchinoy"]
[Black "Zhukovskyi, Oleksandr"]
[Result "0-1"]
[WhiteTitle "WFM"]
[BlackTitle "CM"]
[WhiteElo "2010"]
[BlackElo "2145"]
[WhiteFideId "14212307"]
[BlackFideId "14169371"]
[EventDate "2025.06.17"]

1. Nf3 Nf6 2. g3 g6 3. Bg2 Bg7 4. O-O O-O 5. c4 c6 6. Nc3 d5 7. cxd5 cxd5 8. d4
Nc6 9. Ne5 Ne4 10. Nxc6 bxc6 11. Nxe4 dxe4 12. Bxe4 Bh3 13. Bg2 Bxg2 14. Kxg2
Qd5+ 15. Kg1 Bxd4 16. Qc2 Rab8 17. Rb1 Qxa2 18. Bh6 Rfc8 19. Qe4 Bf6 20. b4 a5
21. bxa5 Rxb1 22. Rxb1 Qxa5 23. Qxc6 Qf5 24. Qb7 Rd8 25. Qb8 e6 26. Rb5 Qe4 27.
Rb1 Qd5 28. Qf4 Be5 29. Qg5 Rc8 30. h4 Qe4 31. Rd1 f6 32. Qd2 Qb7 33. h5 gxh5
34. Qe3 Qc7 35. Qf3 Kf7 36. Qxh5+ Ke7 37. Qg4 f5 38. Qg5+ Bf6 39. Qh5 Qc2 40.
Rd2 Qb1+ 41. Kg2 Rc1 42. Bf4 Rg1+ 43. Kf3 Qb7+ 44. Ke3 Qe4# 0-1

[Event "Titled Tue 17th Jun Early"]
[Site "chess.com INT"]
[Date "2025.06.17"]
[Round "10"]
[White "Figuero Toro, Julian Francisco"]
[Black "Kjaergaard-Jensen, Jesper"]
[Result "1-0"]
[WhiteTitle "FM"]
[BlackTitle "CM"]
[WhiteElo "2182"]
[BlackElo "2081"]
[WhiteFideId "2210347"]
[BlackFideId "1406990"]
[EventDate "2025.06.17"]

1. Nf3 Nf6 2. g3 d5 3. Bg2 c6 4. c4 dxc4 5. O-O Nbd7 6. a4 a5 7. Na3 Nb6 8. Qc2
g6 9. Nxc4 Nxc4 10. Qxc4 Be6 11. Qc2 Qb6 12. d3 Bg7 13. Be3 Qb3 14. Qd2 Nd7 15.
Nd4 Qb4 16. Nxe6 fxe6 17. Bh3 Qxd2 18. Bxd2 Kf7 19. Bc3 Bf6 20. f4 Rhd8 21. e4
Bxc3 22. bxc3 Nc5 23. d4 Nxe4 24. Rae1 Nxc3 25. Bxe6+ Kf6 26. h4 Rxd4 27. f5 g5
28. Re3 Ne4 29. Bb3 gxh4 30. Bc2 Nd6 31. Re6+ Kf7 32. Rfe1 Re8 33. Bd1 Nxf5 34.
Bh5+ Kf8 35. Rf1 Rd5 36. g4 Red8 37. Rxf5+ Rxf5 38. gxf5 Rd5 39. Bg4 Rd4 40. Bh3
Rxa4 41. Rh6 Kg7 42. Re6 Kf7 43. Re4 1-0

[Event "Titled Tue 17th Jun Early"]
[Site "chess.com INT"]
[Date "2025.06.17"]
[Round "10"]
[White "Materia, Marco"]
[Black "Pranav, V"]
[Result "1-0"]
[WhiteTitle "IM"]
[BlackTitle "GM"]
[WhiteElo "2489"]
[BlackElo "2595"]
[WhiteFideId "45150451"]
[BlackFideId "25060783"]
[EventDate "2025.06.17"]

1. Nf3 Nf6 2. c4 e6 3. b3 b6 4. Bb2 Bb7 5. g3 Be7 6. Bg2 O-O 7. O-O c5 8. Nc3 d6
9. d4 cxd4 10. Qxd4 Nc6 11. Qd2 a6 12. Rfd1 Qc7 13. Rac1 Qd8 14. e4 Rc8 15. Qe2
Nd7 16. Ba3 Nc5 17. e5 Qc7 18. exd6 Bxd6 19. b4 Nd7 20. c5 bxc5 21. Ne4 Be7 22.
bxc5 Nce5 23. Nxe5 Nxe5 24. Nd6 Bxg2 25. Nxc8 Rxc8 26. Kxg2 h5 27. Qxa6 Nc6 28.
Rb1 Nd8 29. Qb6 Qe5 30. c6 Nxc6 31. Bxe7 Nxe7 32. Rd8+ Rxd8 33. Qxd8+ Kh7 34.
Qd3+ Nf5 35. a4 Qa5 36. Ra1 g6 37. Qe4 Nd6 38. Qc6 Nf5 39. h4 Nd4 40. Qe4 Nf5
41. Rb1 Nd6 42. Qc6 Nf5 43. Rb7 Nh6 44. Qb5 Qd2 45. a5 Qd6 46. a6 Qa3 47. a7 Kg7
48. Qe5+ Kh7 49. Rb8 f6 1-0

[Event "Titled Tue 17th Jun Early"]
[Site "chess.com INT"]
[Date "2025.06.17"]
[Round "10"]
[White "Bozorov, Javohir"]
[Black "Anakok, Deniz"]
[Result "0-1"]
[WhiteTitle "FM"]
[BlackTitle "CM"]
[WhiteElo "2039"]
[BlackElo "2058"]
[WhiteFideId "14216957"]
[BlackFideId "51603586"]
[EventDate "2025.06.17"]

1. d4 c5 2. d5 d6 3. Nf3 e6 4. e4 exd5 5. exd5 g6 6. Be2 Bg7 7. O-O Ne7 8. a4
O-O 9. Na3 Nd7 10. Nc4 Nf6 11. Ne3 Nf5 12. a5 Nxe3 13. Bxe3 Bf5 14. c3 Be4 15.
Bc4 Qd7 16. Ng5 Bf5 17. Nf3 Be4 18. Ng5 Bf5 19. Qd2 h6 20. Nf3 Ne4 21. Qc1 g5
22. Nd2 Nxd2 23. Qxd2 Rfe8 24. Rfe1 Re4 25. Bf1 Rae8 26. g3 R4e5 27. Bg2 Be4 28.
Bxe4 Rxe4 29. f3 R4e7 30. f4 g4 31. Qd3 Re4 32. Bf2 f5 33. Rxe4 Rxe4 34. Re1
Rxe1+ 35. Bxe1 Bf6 36. Bf2 Kg7 37. Be3 Kg6 38. b4 cxb4 39. cxb4 Qa4 40. Qc4 Qd1+
41. Kg2 Qf3+ 42. Kg1 Qxe3+ 43. Kg2 Qe4+ 44. Qxe4 fxe4 45. Kf2 Kf5 46. b5 Bd4+
47. Kg2 e3 48. Kf1 Ke4 49. Ke2 Kxd5 50. Kd3 Bc5 51. a6 bxa6 52. bxa6 Ke6 53. Ke2
Kf5 54. Kd3 d5 55. Kc3 Ke4 56. Kc2 d4 57. Kd1 d3 58. f5 e2+ 59. Kd2 Bb4+ 60. Kc1
e1=Q+ 61. Kb2 Qc3+ 62. Ka2 d2 63. f6 Qa3+ 64. Kb1 d1=Q# 0-1

[Event "Titled Tue 17th Jun Early"]
[Site "chess.com INT"]
[Date "2025.06.17"]
[Round "10"]
[White "Oparin, Grigoriy"]
[Black "Rosen, Eric"]
[Result "0-1"]
[WhiteTitle "GM"]
[BlackTitle "IM"]
[WhiteElo "2660"]
[BlackElo "2377"]
[WhiteFideId "24125890"]
[BlackFideId "2032562"]
[EventDate "2025.06.17"]

1. Nc3 e6 2. e4 d5 3. d4 Nf6 4. Bg5 h6 5. Bxf6 Qxf6 6. exd5 Bb4 7. Bc4 exd5 8.
Bxd5 O-O 9. Ne2 Rd8 10. Bf3 Nc6 11. Bxc6 Qxc6 12. O-O Bg4 13. Qd3 Bxc3 14. Nxc3
Qd7 15. Rfe1 Bf5 16. Qd2 a5 17. Ne2 Ra6 18. c3 a4 19. Ng3 Bg6 20. Re5 f6 21. Re3
c5 22. Ne2 a3 23. b3 b5 24. Rd1 Rd6 25. b4 cxb4 26. cxb4 Bf7 27. Rxa3 Bc4 28. h3
Bxe2 29. Qxe2 Rxd4 30. Rxd4 Qxd4 31. Qxb5 Qf4 32. Rd3 Qc1+ 33. Kh2 Qf4+ 34. Rg3
Qxf2 35. Qb7 g5 36. Rf3 Qe2 37. Qc7 Rd2 38. Qg3 Kg7 39. Re3 Qd1 40. a4 Rc2 41.
Qf3 Qb1 42. Re7+ Kg6 43. Qe4+ f5 44. Qe6+ Kh5 45. Qf7+ Kh4 46. Qg6 Rxg2+ 47.
Kxg2 Qc2+ 48. Kf1 Qd1+ 49. Kf2 Qd2+ 50. Re2 Qf4+ 51. Kg1 Kg3 52. Rg2+ Kxh3 0-1